Rozpoznaj Youtubera po nicku w minecraft - Statystyki

Ogólne statystyki
  • Ten quiz został rozwiązany 7 320 razy
  • Średni wynik to 7 z 10
Statystyki odpowiedzi
nick nazwa youtubera % Poprawnych
minecraftblow blowek
95%
PolskiPingwin Stuu
93%
reZiplaygames rezigiusz
90%
Viv0 mandzio
81%
iDELTI Boxdel
65%
JDabrowsky JDabrowsky
61%
Masterczulek Dezy
59%
Needyourblood multi
53%
Madzik89 MagdalenaMariaMonika
51%
PLDzumanPL iSuperMWK
25%
Nie znaleziono quizów pasujących do podanych kryteriów
Rozkład punktacji
Procent ludzi z każdym wynikiem
Percentyl według liczby udzielonych odpowiedzi
Twoja historia wyników
Nie rozwiązałeś tego quizu